000 00748nam a22002057a 4500
005 20140623114804.0
010 _aB-505418-421
020 _a9789380731759
_c875.00
035 _aB-505418-421
037 _adpl
_bKKP/Ven
082 _a361.770954
100 _aReddy, S.K.
245 _aHow to start an NGO in India:
_bproblems and perspective/
_cby S.K.Reddy
260 _aDelhi
_bNavyug Books International
_c2012
270 _aL-21/1, Street No.5, Shivaji Marg, Near Kali Mandir, J.P.Nagar, Kartar Nagar, West Ghonda,
_bDelhi
_e110053
300 _a280p.
500 _aincludes index
942 _2ddc
_cEN
_h361.770954
_mRED
999 _c85213
_d85213